Mittelalterliches Geistesleben: Abhandlungen zur Geschichte der Scholastik und Mystik
Uloženo v:
| Hlavní autor: | |
|---|---|
| Médium: | Kniha |
| Jazyk: | němčina |
| Vydáno: |
Múnich
Max Hueber
1926
|
| Témata: | |
| Tagy: |
Přidat tag
Žádné tagy, Buďte první, kdo vytvoří štítek k tomuto záznamu!
|
MARC
| LEADER | 00000nam a2200000 a 4500 | ||
|---|---|---|---|
| 001 | UCZ5100 | ||
| 003 | CL-VaPUC | ||
| 008 | 951117e19260000GW |||||||||||||||||ger|d | ||
| 082 | 0 | 4 | |a 189 |b GRA |2 21 |
| 100 | |a Grabmann, Martin |e author |9 580154 | ||
| 245 | 1 | 0 | |a Mittelalterliches Geistesleben: Abhandlungen zur Geschichte der Scholastik und Mystik |
| 300 | |a v | ||
| 942 | |c BK | ||
| 945 | |d 19951117 00:00:00 |a cmena | ||
| 260 | |a Múnich |b Max Hueber |c 1926 | ||
| 650 | 0 | |a Filosofía medieval |9 256245 | |
| 650 | 0 | |a Escolasticismo |9 264998 | |
| 650 | 0 | |a Misticismo |9 265505 | |
| 650 | 0 | |a Filosofía del espíritu |9 320175 | |
| 583 | |a last modification |c 19951117 00:00:00 |k Rodrigo Vera | ||
| 999 | |c 241426 |d 241424 | ||
| 952 | |0 0 |1 0 |4 0 |6 189_000000000000000_GRA_1926 |7 0 |8 P |9 253743 |a BIBEDU |b BIBEDU |c BIBEDU_PB |d 2019-11-19 |h v.2 |i 157440K |o 189 GRA 1926 |p 157440K |r 2024-01-25 |w 2019-11-19 |y BK |k FIL | ||
| 952 | |0 0 |1 0 |4 0 |6 189_000000000000000_GRA_1926 |7 0 |8 P |9 253744 |a BIBEDU |b BIBEDU |c BIBEDU_PB |d 2019-11-19 |h v.3 |i 1574450 |o 189 GRA 1926 |p 1574450 |r 2024-01-25 |w 2019-11-19 |y BK |k FIL | ||